000 00696nam a2200289Ia 4500
005 20260324140849.0
008 008 260324s9999 xx 000 0 eng d
020 _a9781315841410
037 _aEBOOK
040 _aCRL
040 _beng
040 _cCRL
041 _2eng
041 _aeng
084 _qCRL
100 _aJenny Cheshire; Dieter Stein
_91206024
245 0 _aTaming the Vernacular
245 0 _bFrom dialect to written standard language
260 _bTaylor and Francis
260 _c1998
365 _a
365 _b195
856 _uhttp://www.taylorfrancis.com/books/9781315841410
942 _cEBOOK
999 _c1808526
_d1808526